00277nam a2200121Ia 4500008004100000100000900041245002600050260003700076300000800113650001000121942000700131999001700138190216s9999||||xx |||||||||||||| ||und|| aNull 0aHindi-Bharathiya Kala bNew Age International Publishers a230 aHindi cBK c15912d15912